01509nab a22002897a 4500999001500000003000400015005001700019008004100036040000700077100004000084245018500124260007300309300001500382500007300397505023500470505008900705650002800794650005800822650003500880650003300915650002500948650003400973700003101007700002801038773014001066942001301206 c6335d6335OSt20260130212347.0190603e xxum|||| |||| 00| 0 spa d cPJ 97003aSaruwatari Zavala, Garbiñe 10aSharenting :bdesafío a la protección del derecho a la privacidad de los niños, niñas y adolescentes /cGarbiñe Saruwatari Zavala, Fernanda M. Ledesma y Claude Vergès.  cCiudad Autónoma de Buenos Aires :aThomson Reuters La Ley, b2025. ap. 110-124 aCita: TR LALEY AR/DOC/2270/2025 Publicado en: RCCyC 2025 (Octubre). aSumario: I. Introducción.— II. Uso de redes sociales.— III. Sharenting e inteligencia artificial.— IV. Situación problemática del sharenting.— V. Protección de datos frente al sharenting.— VI. Reflexión final.  t¿Te interesa el texto completo? Solicitalo al correo: koha@justierradelfuego.gov.ar 09967aDERECHO DE FAMILIA 092741aDERECHOS DE LAS NIÑAS, NIÑOS Y ADOLESCENTES 091015aRESPONSABILIDAD PARENTAL 092724aDERECHO A LA INTIMIDAD 094109aREDES SOCIALES 095817aINTELIGENCIA ARTIFICIAL 94901aLedesma, Fernanda M. 97004aVergès, Claude 0 0271393170dCiudad Autónoma de Buenos Aires : Thomson Reuters La Ley, 2015-tRevista Código Civil y Comercial. Nº 5 - Octubre 2025 2udccANA